000 00902nab a2200265 4500
003 BR-BrBNA
005 20260407224159.0
008 260407b bl.||||| |||| 00| 0 por d
040 _aBR-BrBNA
_bpor
072 _aL01 ; Q02 ; Q04 ; D50 ; E10 ; E16 ; E70 ; E71
_b9702
100 _aAlves Neto, José Luiz
245 _aEm busca do equilíbrio
_bEspecial giro do boi
500 _a1 illus.; 3 graphs
650 _aGADO DE CORTE
650 _aCARNE
650 _aDEMANDA INTERNA
650 _aDEMANDA EXTERNA
650 _aCADEIA PRODUTIVA
650 _aCONTROLE SANITÁRIO
650 _aQUALIDADE DO ALIMENTO
650 _aEXPORTAÇÃO
773 0 _01706
_9348156
_dSão Paulo-SP Editora Três Ltda - E-mail: luizfsa@revistadinheiro.com.br 2004
_o2025-0645
_tDinheiro Rural (Brazil)
_x1807-3700
_gv. 10(131) p. 60-61; (Nov 2015)
_wBR2026000465
942 _cANA
999 _c341272
_d341272